00301nam a2200121Ia 4500003000400000005001700004008004100021020001800062040002100080100002000101245003300121260002500154OSt20240101065731.0170524s9999 xx 000 0 und d a9788173918827 cIIMT UNIVERSITY  aSinha- Manorama 0aElectoral Geography of India bNew Delhi : Adhiyaya